Предварительные итоги всесоюзной переписи 1926 г. в Самарской губернии. Вып. 1: Городское население (Запись № 13576867)

Подробности
000 -МАРКЕР
контрольное поле 01258nam2a2200265 4500
001 - ИДЕНТИФИКАТОР ЗАПИСИ
контрольное поле rc\2853495
005 - ИДЕНТИФИКАТОР ВЕРСИИ
контрольное поле 20260315050325.0
035 ## - ДРУГИЕ СИСТЕМНЫЕ НОМЕРА
Идентификатор записи (NLR Aleph) 007008240
100 ## - ДАННЫЕ ОБЩЕЙ ОБРАБОТКИ
Данные общей обработки 20110706d1927 u y0rusy50 ca
101 0# - ЯЗЫК РЕСУРСА
Язык текста, звукозаписи и т.д. русский
102 ## - СТРАНА ПУБЛИКАЦИИ ИЛИ ПРОИЗВОДСТВА
Страна публикации Российская Федерация
105 ## - ПОЛЕ КОДИРОВАННЫХ ДАННЫХ: ТЕКСТОВЫЕ МАТЕРИАЛЫ, МОНОГРАФИЧЕСКИЕ
Кодированные данные о монографическом текстовом документе y z |||||
200 1# - ЗАГЛАВИЕ И СВЕДЕНИЯ ОБ ОТВЕТСТВЕННОСТИ
Основное заглавие Городское население
Первые сведения об ответственности Р.Т. Артищев, Е.А. Охитович
210 ## - ПУБЛИКАЦИЯ, РАСПРОСТРАНЕНИЕ И ДР.
Дата издания, распространения и т.д. 1927
215 ## - ФИЗИЧЕСКАЯ ХАРАКТЕРИСТИКА
Специфическое обозначение материала и объем 11 с.
461 #0 - УРОВЕНЬ НАБОРА
Встроенное поле 001rc\2853494
-- 2001#$aПредварительные итоги всесоюзной переписи 1926 г. в Самарской губернии$fСССР. Стат. отд. Сам. губисполкома$vВып. 1
Системный номер (АБИС) связанной записи 5788004
Автор Самарский губернский статистический отдел
Место публикации Самара
Дата публикации 1927
Первые сведения об ответственности СССР. Статистический отдел Самарского губисполкома
Имя издателя, распространителя и т.д. Б. и.
Заглавие Предварительные итоги всесоюзной переписи 1926 г. в Самарской губернии
Номер тома Вып. 1
700 #1 - ИМЯ ЛИЦА - ПЕРВИЧНАЯ ОТВЕТСТВЕННОСТЬ
Начальный элемент ввода Артищев
Часть имени, кроме начального элемента ввода Р.Т.
701 #1 - ИМЯ ЛИЦА - АЛЬТЕРНАТИВНАЯ ОТВЕТСТВЕННОСТЬ
Начальный элемент ввода Охитович
Часть имени, кроме начального элемента ввода Е.А.
801 #0 - ИСТОЧНИК ЗАПИСИ
Страна Российская Федерация
Организация NLR
Правила каталогизации psbo
801 #1 - ИСТОЧНИК ЗАПИСИ
Страна Российская Федерация
Организация ELAR
Источник данных rusmarc
852 ## - МЕСТОНАХОЖДЕНИЕ И ШИФР ХРАНЕНИЯ
Идентификатор организации NLR
Шифр хранения (Call Number) 59/2378(1)
942 ## - ДОПОЛНИТЕЛЬНЫЕ ЭЛЕМЕНТЫ ЗАПИСИ (АБИС)
Тип экземпляра АБИС Неопределено
980 ## - КОЛЛЕКЦИЯ
Название коллекции Национальная библиография

Нет доступных экземпляров.